| 000 | 00711nam a2200241 i 4500 | ||
|---|---|---|---|
| 001 | 6967 | ||
| 003 | ES-MaACL | ||
| 005 | 20250630050734.0 | ||
| 008 | 900719s1989 sp ||||1| spa d | ||
| 020 | _a84-350-1436-3 | ||
| 080 | _a9(94)"1778/1868" | ||
| 080 | _a343.814(94) | ||
| 100 | 1 |
_aHughes, Robert. _964617 |
|
| 245 | 1 | 3 |
_aLa costa fatídica / _cRobert Hughes. |
| 250 | _a1ª ed. | ||
| 260 |
_aBarcelona : _bEdhasa, _c1989. |
||
| 300 |
_a714 p., [32] p. de lám. ; _c24 cm. |
||
| 504 | _aBibliografía: p. 675-690. | ||
| 650 | 4 |
_aColonias penitenciarias- _zAustralia. _9172349 |
|
| 651 | 7 |
_aAustralia- _xHistoria _2 _9137059 |
|
| 852 |
_aES-MaACL _jL-14270 _z- Enc. cart. |
||
| 999 |
_c6967 _d6967 |
||